skbl

Dr Suryya Kumar Bhuyan Library Web-OPAC
ডঃ সূৰ্য্য
কুমাৰ ভূঞা পুথিভঁৰাল ৱেব-অ'পেক

All Research Scholars are advised to clear the annual library fees to continue using Library Resources, Remote Access, Plagiarism Test and Library Clearance.

Cotton University Book Fair 2026

A Textbook of Comparative Anatomy of Vertebrates (Record no. 58051)

MARC details
000 -LEADER
fixed length control field 00535nam a2200181Ia 4500
001 - CONTROL NUMBER
control field 58152
008 - FIXED-LENGTH DATA ELEMENTS--GENERAL INFORMATION
fixed length control field 141210n ii |||gr||||Z||||||465
020 ## - INTERNATIONAL STANDARD BOOK NUMBER
International Standard Book Number 81-7888-609-X
082 ## - DEWEY DECIMAL CLASSIFICATION NUMBER
Classification number 596
100 ## - MAIN ENTRY--PERSONAL NAME
Personal name Puri,
Relator term Raghavendra.
245 #0 - TITLE STATEMENT
Title A Textbook of Comparative Anatomy of Vertebrates
Statement of responsibility, etc. Raghavendra Puri
Medium Textual Documents
250 ## - EDITION STATEMENT
Edition statement Ist ed-2009.
260 ## - PUBLICATION, DISTRIBUTION, ETC.
Place of publication, distribution, etc. New Delhi:
Name of publisher, distributor, etc. Dominant Publishers and Distributors.
300 ## - PHYSICAL DESCRIPTION
Extent 298p:
Dimensions 21p.
653 ## - INDEX TERM--UNCONTROLLED
Uncontrolled term Comparative Anatomy - Vertebrates
653 ## - INDEX TERM--UNCONTROLLED
Uncontrolled term Dept -Zoo
942 ## - ADDED ENTRY ELEMENTS (KOHA)
Source of classification or shelving scheme Dewey Decimal Classification
Koha item type Books
Holdings
Withdrawn status Lost status Damaged status Not for loan Collection Home library Current library Shelving location Date acquired Coded location qualifier Cost, normal purchase price Total checkouts Full call number Barcode Date last seen Copy number Price effective from Koha item type
          Dr. Suryya Kumar Bhuyan Library Dr. Suryya Kumar Bhuyan Library   10/12/2014 00000 895.00   596 Pu973Te 953/Zoo 14/01/2024 1 10/12/2014 Books

Designed and Maintained by Team SKBL
©1901-2026

Powered by Koha